Noms de Pays contenant... Plantes - Statistiques

Statistiques générales
  • Ce quiz a été pris 21 fois
  • Le résultat moyen est 3 sur 12
Statistiques - réponses
Marque Solutions Pays % Correct
Riz 3 Azerbaïdjan, Bosnie-Herzégovine, Kirghizistan
63%
Lichen 1 Liechtenstein
63%
Sapin 5 Pakistan, Papouasie-Nouvelle-Guinée, Saint-Christophe-et-Niévès, Singapour, Sao Tomé...
32%
Lys 1 Seychelles
26%
Sauge 2 Guinée-Bissau, Papouasie-Nouvelle-Guinée
21%
Noyer 1 Royaume-Uni
21%
Séquoia 1 Slovaquie
21%
Cèdre 6 Corée du Nord, Corée du Sud, Côte d'Ivoire, Macédoine du Nord, République dominicaine...
16%
Chêne 2 Liechtenstein, Saint-Christophe-et-Niévès
16%
Romarin 1 Timor oriental
16%
Roseau 1 Arabie Saoudite
11%
Lierre 2 République Centrafricaine, Sierra Leone
11%
Aucun quiz correspondant
Distribution des résultats
% des personnes avec chaque résultat
Percentile par nombre de réponses
Votre historique - résultats
Vous n’avez pas pris ce quiz